• 首页
  • 本馆介绍
  • 公告通知
  • 最新文献
  • 馆藏检索
  • 电子资源
  • 读者导购
  • 参考咨询
  • 我的图书馆
  • 登录
  • 详细信息显示
  • 放入我的书架
  • 预约/预借图书
  • 作者相关作品
  • 分类相关作品
  • 丛书相关作品
  • 出版社相关作品

书目信息

  • 表格格式
  • 工作单格式
  • 卡片格式
题名:
中国服饰文化 一
    
 
作者: 张志春 , 张志春 著
分册:  
出版信息: 北京   中国纺织出版社  2001
页数: 384页
开本: 21cm
丛书名:
单 册:
中图分类: K892.23
科图分类:
主题词: 服饰 , 服饰--文化--中国
电子资源:
ISBN: 7-5064-1938-6
000 01320nam0 2200337 450
000 01285nam0 2200325 450
000 01248nam0 2200313 450
000 01159nam0 2200301 450
000 01122nam0 2200289 450
000 01055nam0 2200265 450
001 0104000022
005 20061027144617.43
010    @a7-5064-1938-6@dCNY22.00
100    @a20050927d2001 emky0chiy0110 ea
101 0  @achi
102    @aCN@b110000
105    @aa z 000yd
200 1  @a中国服饰文化 一@Azhong guo fu shi wen hua yi@f张志春著@Fzhang zhi chun zhu
210    @a北京@c中国纺织出版社@d2001
215    @a384页@c图@d21cm
314    @a张志春(1955~),生于陕西,陕西作家协会会员,西北纺织工学院服装学院副教授。著有《裸露与遮盖:现代服饰观潮》等。
330    @a本书介绍中华远古的服色演进、图腾在人体装饰中的渗透、转化与投影、中华传统服饰图案、周易的服饰文化观念、“三礼”与服饰、孔子的服饰理论与实践、老庄服饰思想初探、墨韩的服饰文化观、胡服骑射与孝文改制、魏晋风度与服饰、唐代服饰的文化探寻。
606 0  @a服饰
606 0  @a服饰@x文化@y中国
690    @aK892.23@v4
701  0 @a张志春@9zhang zhi chun@4著
701  0 @a张志春@Azhang zhi chun@4著
801  0 @aCN@b北京荣雅伟业图书经销中心@c20061027
905    @aBZT@dK892.23@e3-1
906    @dCNY22.00@n0@r1
    
    中国服饰文化 一/张志春著.-北京:中国纺织出版社,2001
    384页:图;21cm
    
    
    ISBN 7-5064-1938-6:CNY22.00
    本书介绍中华远古的服色演进、图腾在人体装饰中的渗透、转化与投影、中华传统服饰图案、周易的服饰文化观念、“三礼”与服饰、孔子的服饰理论与实践、老庄服饰思想初探、墨韩的服饰文化观、胡服骑射与孝文改制、魏晋风度与服饰、唐代服饰的文化探寻。
●
相关链接 在五车中查询图书 在当当中查询图书 在豆瓣中查询图书


正题名:中国服饰文化 一     索取号:K892.23/3-1         预约/预借

序号 登录号 条形码 馆藏地/架位号 状态 备注
1 512416   230090957   中心书库南/015架A面5层4列/ [索取号:K892.23/3-1] 在馆    
2 512417   230090959   中心书库南/015架A面5层4列/ [索取号:K892.23/3-1] 在馆    
3 512418   230090961   中心书库南/015架A面5层4列/ [索取号:K892.23/3-1] 在馆    
4 512419   230090929   中心书库南/015架A面5层4列/ [索取号:K892.23/3-1] 在馆    
5 512420   230090930   中心书库南/015架A面5层4列/ [索取号:K892.23/3-1] 在馆    
山东省滨州职业学院图书馆 欢迎您!
大连网信软件有限公司© 版权所有